| 000 | 00984nam a2200205 a 4500 | ||
|---|---|---|---|
| 001 | 56653 | ||
| 005 | 20180714052521.0 | ||
| 008 | 140415s2010 mx 000 0 spa d | ||
| 020 | _a9786079062002 | ||
| 041 | _aspa | ||
| 082 |
_a972.03 _bAVI |
||
| 245 | 0 | 0 | _aDIARIO DE LA INDEPENDENCIA 1810-1821 |
| 250 | _a1a ed. | ||
| 260 |
_aMEXICO : _bCLUB PROMOCIONAL DEL LIBRO, S.A. DE C.V., _c2010 |
||
| 300 |
_a503 _c27 x 1.9 x 38.2 |
||
| 500 | _aAVILA, JESUS ES COORDINADOR DE LA OBRA | ||
| 520 | _aEL DIARIO DE LA INDEPENDENCIA FUE CONCEBIDO PARA BRINDAR UN NUEVO ACERCAMIENTO A LA HISTORIA DE NUESTRO PAIS DE UNA FORMA NOVEDOSA Y AMENA. EL ESPIRITU DE ESTA ORIGINAL PROPUESTA EDITORIAL CONSISTE EN TRANSLADAR A LOS LECTORES DE HOY EN UN EMOCIONANTE VIAJE EN EL TIEMPO MIENTRAS RECORREN LAS PAGINAS DE PERIODICOS ANTIGUOS | ||
| 650 | 1 | 4 |
_aMEXICO _xHISTORIA _xGUERRA DE INDEPENDENCIA, 1810 _x1821 _xMEXICO _xPOLITICA Y GOBIERNO, 1810 _x1821 |
| 700 | 1 |
_aAVILA, JESUS _ecoaut. |
|
| 999 |
_c56653 _d56653 |
||